Personal bankruptcy anew - a second change for failed entrepreneurs

Opätovný personálny bankrot - druhá zmena pre neúspešné podnikanie.

Gespeichert in:
Bibliographische Detailangaben
1. Verfasser: Kmeťová, Oľga, 1959-
Format: Buchkapitel
Sprache:Englisch
Schlagworte:
Tags: Tag hinzufügen
Keine Tags, Fügen Sie das erste Tag hinzu!

MARC

LEADER 00000nla a2200000 4500
001 0226648
005 20240502073731.2
041 0 |a eng 
044 |a SK 
245 1 0 |a Personal bankruptcy anew - a second change for failed entrepreneurs  |c Oľga Kmeťová 
520 |a Opätovný personálny bankrot - druhá zmena pre neúspešné podnikanie. 
610 2 0 |a podnikanie 
610 2 0 |a prostredie podnikateľské 
610 2 0 |a bankrot 
610 2 0 |a konkurzy 
610 2 0 |a dlhy 
610 2 0 |a oddlženie 
100 1 |a Kmeťová, Oľga, 1959-